000 00636nam a22001937i 4500
999 _c23578
_d23578
003 AR-CdUCM
008 260401b20232023pe a|||| |||| 00| 0 spa d
020 _a978-612-48673-1-6
040 _aMUNICIPALIDAD PROVINCIAL DEL CUSCO
_cBIBLIOTECA MUNICIPAL DEL CUSCO
041 _hspa
082 _aPI / 332.024
_bL31
100 _aLayseca Barbieri, Arantxa Daniella (Ara Retadora)
_952470
245 _aGiver y sus amigos :
_bFinanzas personales para niños /
260 _aPerú :
_b4points S.A.C.
_c2023
300 _a48 páginas. :
_c20,5x20,5 cm.
856 _fwww.4points.com.pe
942 _2ddc
_cLIBROS
945 _aesh
_d01-04-2026